| 000 | 01082nam a2200301 i 4500 | ||
|---|---|---|---|
| 001 | bgj | ||
| 100 | 1 |
_aCATHER, Willa _d(1873-1947) |
|
| 245 | 1 | 0 |
_aLater Novels / _cWilla Cather ; [edited by] Sharon O'Brien. |
| 260 |
_aNew York : _bLiterary Classics of the United States, _cc. 1990. |
||
| 300 |
_a988 pp ; _c21 cm. |
||
| 490 | 1 |
_aThe Library of America ; _v49 |
|
| 505 | _aContents : A Lost Lady ; The Professor's House ; Death Comes for the Archbishop ; Shadows on the Rock ; Lucy Gayheart ; Sapphira and the Slave Girl. | ||
| 650 | 9 |
_aAmerican fiction _y20th century |
|
| 700 | 1 |
_aO'BRIEN, Sharon. _eed. |
|
| 740 | 0 | 2 | _aA Lost Lady |
| 740 | 0 | 2 | _aThe Professor's House |
| 740 | 0 | 2 | _aDeath Comes for the Archbishop |
| 740 | 0 | 2 | _aShadows on the Rock |
| 740 | 0 | 2 | _aLucy Gayheart |
| 740 | 0 | 2 | _aSapphira and the Slave Girl |
| 830 | _aThe Library of America ; | ||
| 020 | _a0940450526 (alk. paper) (hbk, jacket) | ||
| 040 | _cBPK | ||
| 041 | 0 | _aeng | |
| 920 | _a0-940450-52-6 (alk. paper) (hbk, jacket) | ||
| 942 | _cKS | ||
| 008 | s uk f |000 0 eng | ||
| 999 |
_c47214 _d47214 |
||